| 000 | 01733nam a22002417a 4500 | ||
|---|---|---|---|
| 999 |
_c59888 _d59888 |
||
| 003 | Ge_BSU | ||
| 005 | 20230505155802.0 | ||
| 008 | 230505s2023ge xxu||||| |||| 00| 0 geo d | ||
| 020 | _a9789941984501 | ||
| 041 | _ageo | ||
| 080 | _a37.013 ი-61 | ||
| 245 |
_aინოვაციური მეთოდების გამოყენება ადრეული განათლების კვლევაში : _bტრადიციულის მიღმა / _cრედაქტირებულია : ბეტა ბრაუნისა და ჰელენ ფერქინსის მიერ, მთარგმნ. ნინო სამნიძე, რედ. დიანა ახვლედიანი |
||
| 264 |
_aბათუმი : _bბათუმის შოთა რუსთაველის სახელმწიფო უნ-ტი, _c2023. |
||
| 300 |
_a222 გვ.: _b20 სმ. |
||
| 653 | _aინოვაციური მეთოდების გამოყენება ადრეული განათლების კვლევაში : | ||
| 653 | _aპედაგოგიკა | ||
| 653 | _aგანათლება | ||
| 700 |
_aსამნიძე ნინო _eმთარგმნელი _96012 |
||
| 700 |
_aახვლედიანი, დიანა _eრედაქტორი _94741 |
||
| 710 |
_aგაეროს ბავშვთა ფონდის, UNICEF- ის საგრანტო პროექტი _917992 |
||
| 710 |
_aბათუმის შოთა რუსთაველის სახელმწიფო უნივერსიტეტი _917993 |
||
| 942 |
_2udc _cBK |
||